000
00354pab a2200157 454500
008
180718b2003 xxu||||| |||| 00| 0 eng d
100
_a
Ahmed, Jaynal Uddin
245
_a
Banking sector reforms in India
260
_c
2003
300
_a
p.15-19.
362
_a
Oct
650
_a
Banks - India
650
_a
Banks
773
_a
Yojana
909
_a
58238
999
_c
58238
_d
58238